Real People who Inspired Fictional Characters - Statistics

General Stats
  • This quiz has been taken 39 times
  • The average score is 6 of 16
Answer Stats
Hint Information Answer % Correct
Vlad the Impaler Brutal tyrant of Wallachia who drove fear into people’s hearts Dracula
89%
Mario Segale Landlord for a small video game company in the 1970s Mario
83%
Alfredo Ballí Trevino Convicted Mexican surgeon who murdered his boyfriend and possessed intelligence and an eerie charm Hannibal Lecter
66%
Frank Fiegel Polish-born sailor and bouncer known for getting into fights and his distinct appearance Popeye
66%
Keith Richards Guitarist for The Rolling Stones who inspired this movie swashbuckler Captain Jack Sparrow
63%
Kenny Kramer Eccentric stand-up comedian and neighbor of a known sitcom director Cosmo Kramer
54%
Howard Hughes Wealthy engineer and business magnate who inspired a well-known comic book character Tony Stark
49%
Ed Gein American serial killer known for wearing people’s skin Buffalo Bill
29%
Roy Chapman Andrews Explorer who published accounts of his many adventures Indiana Jones
29%
Ed Gein American serial killer known for wearing people’s skin Leatherface
23%
Jeff Dowd Eccentric film producer with a love of white russians who worked with the Cohen Brothers The Dude
20%
John Nettleship Strict British schoolteacher whose student went on to write a massive book series Severus Snape
17%
Ed Gein American serial killer known for wearing people’s skin Norman Bates
14%
Paul Timmins Security guard at the Rhode Island School of Design with a distinct New England accent Peter Griffin
11%
Arthur Bremer Mentally disturbed man who tried to assassinate George Wallace, paralyzing him Travis Bickle
9%
Divine Bombastic drag queen, star of Pink Flamingos and singer of You Think You’re A Man Ursula
9%
No matching quizzes found
Score Distribution
Percent of People with Each Score
Percentile by Number Answered
Your Score History
You have not taken this quiz